| 000 | 00417nam a2200169 a 4500 | ||
|---|---|---|---|
| 001 | 0635 | ||
| 005 | 20140414132024.0 | ||
| 008 | 040202s19uu xx 00 eng d | ||
| 020 | _a0-590-43614-7 | ||
| 050 |
_aTR _bH83 1985 |
||
| 100 | _aSchwartz, David | ||
| 245 |
_aHow much is a million / _cDavid Schwartz. |
||
| 260 |
_aU.S.A : _bScholastic, _c1985. |
||
| 300 | _ap. ; cm. | ||
| 500 | _aTR/PS | ||
| 999 |
_c113534 _d113534 |
||